LEADER 01009nam0-22003011i-450- 001 990007496650403321 005 20050727090204.0 035 $a000749665 035 $aFED01000749665 035 $a(Aleph)000749665FED01 035 $a000749665 100 $a20030814d1948----km-y0itay50------ba 101 0 $aita 102 $aIT 200 1 $aAvviamento allo studio della Geografia economica e politica$esussidii bibliografici fondamentali per la conoscenza delle fonti geo-cartografiche moderne$fLuigi Filippo De Magistris 205 $a2. ed. 210 $aMilano$cIst. Cisalpino$d1948 215 $aVIII, 121 p.$d22 cm 610 0 $aCartografia$aDizionari 610 0 $aGeografia$aDizionari 700 1$aDe Magistris,$bLuigi Filippo$f<1872-1950>$0129403 801 0$aIT$bUNINA$gRICA$2UNIMARC 901 $aBK 912 $a990007496650403321 952 $aC-01-086$bIst. 04099$fILFGE 959 $aILFGE 996 $aAvviamento allo studio della Geografia economica e politica$9675997 997 $aUNINA